Biblioteca y Centro de Documentación

Bando (Registro nro. 25028)

Detalles MARC
000 -CABECERA
Longitud fija campo de control 01289nas a2200349 c 4500
001 - NÚMERO DE CONTROL
Número de control 25028
003 - IDENTIFICADOR DE NÚMERO DE CONTROL
Identificador del número de control ES-MaCES
005 - FECHA Y HORA DE LA ÚLTIMA TRANSACCIÓN
Fecha y hora de la última transacción 20160912111005.0
008 - CAMPO FIJO DE DESCRIPCIÓN FIJA--INFORMACIÓN GENERAL
Códigos de información de longitud fija   950505d1991 sp b| | |spa d
035 ## - NÚMERO DE CONTROL DEL SISTEMA
Número de control del sistema CES19980000088p
Número de control cancelado;no válido 10008
040 ## - FUENTE DE CATALOGACIÓN
Centro catalogador de origen ES-MaCES
Lengua de catalogación spa
Centro transcriptor ES-MaCES
245 00 - MENCIÓN DE TÍTULO
Título Bando
Resto del título : revista del Ministerio para las Administraciones Públicas
260 ## - PUBLICACIÓN, DISTRIBUCIÓN, ETC (PIE DE IMPRENTA)
Lugar de publicación, distribución, etc. Madrid
Nombre del editor, distribuidor, etc. Instituto Nacional de Administración Pública, Ministerio para las Administraciones Públicas, con la colaboración del Banco de Crédito Local
300 ## - DESCRIPCIÓN FÍSICA
Extensión v.
Dimensiones 27 cm
310 ## - PERIODICIDAD ACTUAL DE LA PUBLICACIÓN
Periodicidad actual Bimestral
500 ## - NOTA GENERAL
Nota general Bibliografía
500 ## - NOTA GENERAL
Nota general Descripción basada en: n. 18 (ene.-feb. 1993)
541 ## - NOTA DE LA FUENTE INMEDIANTE DE ADQUISICIÓN
Forma de adquisición Gratuito
592 ## - CES. NOTA ESTADO DE LA PUBLICACIÓN
Estado publicación Cerrada
650 #4 - ASIENTO SECUNDARIO DE MATERIA--TÉRMINO DE MATERIA
Término de materia o nombre geográfico como elemento inicial España
9 (RLIN) 26964
650 #4 - ASIENTO SECUNDARIO DE MATERIA--TÉRMINO DE MATERIA
Término de materia o nombre geográfico como elemento inicial política de desarrollo
9 (RLIN) 27014
650 #4 - ASIENTO SECUNDARIO DE MATERIA--TÉRMINO DE MATERIA
Término de materia o nombre geográfico como elemento inicial gobierno local
9 (RLIN) 27219
650 #4 - ASIENTO SECUNDARIO DE MATERIA--TÉRMINO DE MATERIA
Término de materia o nombre geográfico como elemento inicial administración pública
9 (RLIN) 27214
653 10 - TÉRMINO DE INDEXACIÓN--NO CONTROLADO
Término no controlado Administración-Instituciones públicas
710 2# - ENCABEZAMIENTO SECUNDARIO--NOMBRE CORPORATIVO
Nombre de entidad o nombre de jurisdicción como elemento inicial Instituto Nacional de Administración Pública (España)
9 (RLIN) 4265
710 1# - ENCABEZAMIENTO SECUNDARIO--NOMBRE CORPORATIVO
Nombre de entidad o nombre de jurisdicción como elemento inicial España
Unidad subordinada Ministerio para las Administraciones Públicas
9 (RLIN) 3278
853 21 - LEYENDAS Y PATRÓN--UNIDAD BIBLIOGRÁFICA BÁSICA
Segundo nivel de enumeración n.
Primer nivel de cronología año
Segundo nivel de cronología mes
Continuidad en la numeración c
Frecuencia b
866 #0 - FUENTES TEXTUALES--UNIDAD BIBLIOGRÁFICA BÁSICA
Holdings textuales 1993-1995 (1996).
Nota pública Ubicación: EXT-1
-- Ubicación: EXT-2
905 ## - CES. DATOS REVISTA
Proceso +
942 ## - ELEMENTOS KOHA
Fuente de clasificaión o esquema Clasificación propia del CES
Koha [por defecto] tipo de item Periódicas
Parte de clasificación 6.3.
Existencias
Número de registro Signatura completa Tipo de item de Koha
000940 10008 Periódicas
012006 10008 Periódicas
012007 10008 Periódicas
000941 10008 Periódicas
012008 10008 Periódicas
002145 10008 Periódicas
003369 10008 Periódicas
012009 10008 Periódicas
012010 10008 Periódicas
012011 10008 Periódicas
012012 10008 Periódicas
007832 10008 Periódicas
012013 10008 Periódicas
012014 10008 Periódicas
012015 10008 Periódicas
019068 10008 Periódicas
019069 10008 Periódicas
© CES, Consejo Económico y Social de España 2021